<?xml version="1.0" encoding="UTF-8"?>
<record
    xmlns:xsi="http://www.w3.org/2001/XMLSchema-instance"
    xsi:schemaLocation="http://www.loc.gov/MARC21/slim http://www.loc.gov/standards/marcxml/schema/MARC21slim.xsd"
    xmlns="http://www.loc.gov/MARC21/slim">

  <leader>00383nam a22001577a 4500</leader>
  <datafield tag="999" ind1=" " ind2=" ">
    <subfield code="c">11439</subfield>
    <subfield code="d">11439</subfield>
  </datafield>
  <controlfield tag="003">OSt</controlfield>
  <controlfield tag="008">220716b           ||||| |||| 00| 0 eng d</controlfield>
  <datafield tag="020" ind1=" " ind2=" ">
    <subfield code="a">9789390211722</subfield>
  </datafield>
  <datafield tag="082" ind1=" " ind2=" ">
    <subfield code="a">615.14 SEI</subfield>
  </datafield>
  <datafield tag="100" ind1=" " ind2=" ">
    <subfield code="a">SEMALTY,Ajay</subfield>
  </datafield>
  <datafield tag="245" ind1=" " ind2=" ">
    <subfield code="a">Industrial Pharmacy-1</subfield>
  </datafield>
  <datafield tag="260" ind1=" " ind2=" ">
    <subfield code="a">Hyderabad,</subfield>
    <subfield code="b">PharmaMed Press</subfield>
    <subfield code="c">2021</subfield>
  </datafield>
  <datafield tag="300" ind1=" " ind2=" ">
    <subfield code="a">481</subfield>
  </datafield>
  <datafield tag="650" ind1=" " ind2=" ">
    <subfield code="a">Industrial Pharmacy-1</subfield>
  </datafield>
  <datafield tag="942" ind1=" " ind2=" ">
    <subfield code="2">ddc</subfield>
    <subfield code="c">BK</subfield>
    <subfield code="0">3</subfield>
  </datafield>
  <datafield tag="952" ind1=" " ind2=" ">
    <subfield code="0">0</subfield>
    <subfield code="1">0</subfield>
    <subfield code="2">ddc</subfield>
    <subfield code="4">0</subfield>
    <subfield code="7">0</subfield>
    <subfield code="8">BP</subfield>
    <subfield code="a">PIET</subfield>
    <subfield code="b">PIET</subfield>
    <subfield code="d">2022-07-16</subfield>
    <subfield code="e">B.S.P Books Pvt.Ltd</subfield>
    <subfield code="f">Indian Rup</subfield>
    <subfield code="g">625.00</subfield>
    <subfield code="k">45533</subfield>
    <subfield code="l">1</subfield>
    <subfield code="o">615.14 SEI</subfield>
    <subfield code="p">BP1855</subfield>
    <subfield code="r">2023-03-13 00:00:00</subfield>
    <subfield code="s">2023-02-28</subfield>
    <subfield code="v">437.50</subfield>
    <subfield code="w">2022-07-02</subfield>
    <subfield code="y">REF</subfield>
  </datafield>
  <datafield tag="952" ind1=" " ind2=" ">
    <subfield code="0">0</subfield>
    <subfield code="1">0</subfield>
    <subfield code="2">ddc</subfield>
    <subfield code="4">0</subfield>
    <subfield code="7">0</subfield>
    <subfield code="8">BP</subfield>
    <subfield code="a">PIET</subfield>
    <subfield code="b">PIET</subfield>
    <subfield code="d">2022-07-16</subfield>
    <subfield code="e">B.S.P Books Pvt.Ltd</subfield>
    <subfield code="f">Indian Rup</subfield>
    <subfield code="g">625.00</subfield>
    <subfield code="k">45533</subfield>
    <subfield code="l">3</subfield>
    <subfield code="o">615.14 SEI</subfield>
    <subfield code="p">BP1856</subfield>
    <subfield code="q">2026-10-12</subfield>
    <subfield code="r">2026-03-25 00:00:00</subfield>
    <subfield code="s">2026-03-25</subfield>
    <subfield code="v">437.50</subfield>
    <subfield code="w">2022-07-02</subfield>
    <subfield code="y">BK</subfield>
  </datafield>
  <datafield tag="952" ind1=" " ind2=" ">
    <subfield code="0">0</subfield>
    <subfield code="1">0</subfield>
    <subfield code="2">ddc</subfield>
    <subfield code="4">0</subfield>
    <subfield code="7">0</subfield>
    <subfield code="8">BP</subfield>
    <subfield code="a">PIET</subfield>
    <subfield code="b">PIET</subfield>
    <subfield code="d">2022-07-16</subfield>
    <subfield code="e">B.S.P Books Pvt.Ltd</subfield>
    <subfield code="f">Indian Rup</subfield>
    <subfield code="g">625.00</subfield>
    <subfield code="k">45533</subfield>
    <subfield code="l">5</subfield>
    <subfield code="o">615.14 SEI</subfield>
    <subfield code="p">BP1857</subfield>
    <subfield code="r">2026-05-25 14:12:48</subfield>
    <subfield code="s">2026-05-08</subfield>
    <subfield code="v">437.50</subfield>
    <subfield code="w">2022-07-02</subfield>
    <subfield code="y">BK</subfield>
  </datafield>
  <datafield tag="952" ind1=" " ind2=" ">
    <subfield code="0">0</subfield>
    <subfield code="1">0</subfield>
    <subfield code="2">ddc</subfield>
    <subfield code="4">0</subfield>
    <subfield code="7">0</subfield>
    <subfield code="8">BP</subfield>
    <subfield code="a">PIET</subfield>
    <subfield code="b">PIET</subfield>
    <subfield code="d">2022-07-16</subfield>
    <subfield code="e">B.S.P Books Pvt.Ltd</subfield>
    <subfield code="f">Indian Rup</subfield>
    <subfield code="g">625.00</subfield>
    <subfield code="k">45533</subfield>
    <subfield code="l">4</subfield>
    <subfield code="o">615.14 SEI</subfield>
    <subfield code="p">BP1858</subfield>
    <subfield code="r">2026-05-21 10:16:42</subfield>
    <subfield code="s">2026-05-05</subfield>
    <subfield code="v">437.50</subfield>
    <subfield code="w">2022-07-02</subfield>
    <subfield code="y">BK</subfield>
  </datafield>
  <datafield tag="952" ind1=" " ind2=" ">
    <subfield code="0">0</subfield>
    <subfield code="1">0</subfield>
    <subfield code="2">ddc</subfield>
    <subfield code="4">0</subfield>
    <subfield code="7">0</subfield>
    <subfield code="8">BP</subfield>
    <subfield code="a">PIET</subfield>
    <subfield code="b">PIET</subfield>
    <subfield code="d">2022-07-16</subfield>
    <subfield code="e">B.S.P Books Pvt.Ltd</subfield>
    <subfield code="f">Indian Rup</subfield>
    <subfield code="g">625.00</subfield>
    <subfield code="k">45533</subfield>
    <subfield code="l">6</subfield>
    <subfield code="o">615.14 SEI</subfield>
    <subfield code="p">BP1859</subfield>
    <subfield code="q">2026-06-11</subfield>
    <subfield code="r">2026-05-28 15:45:53</subfield>
    <subfield code="s">2026-05-28</subfield>
    <subfield code="v">437.50</subfield>
    <subfield code="w">2022-07-02</subfield>
    <subfield code="y">BK</subfield>
  </datafield>
</record>
